000 00836nam a2200265Ia 4500
003 OSt
005 20220926022823.0
006 a|||||r|||| 00| 0
007 ta
008 220923b |||||||| |||| 00| 0 eng d
020 _a9781844672059
_c482.81
037 _bDU0136, 27/03/2008, INDEPENDENT PUBLISHERS GROUP
_cGeneral Book
040 _aRTL
_cRTL
_beng
041 _2eng
_aeng
082 _aY9(W), P8
100 _aBalibar Etienne Au.
_9328293
245 0 _aSpinoza and politics
260 _aNew York
_bVerso
_c2008
300 _axxiv, 136p
_ccm.
490 _aRadical thinker`s 27
650 _aSociology
700 _a Snowdon Peter Tr.
_9328294
942 _hY9(W), P8
_cGB
_2CC
999 _c640308
_d640308